Soldier, Poet, King - The Oh Hellos - All Lyrics - Statistics

General Stats
  • This quiz has been taken 87 times
  • The average score is 171 of 183
Answer Stats
Answer % Correct
a
100%
oh
100%
Oh
100%
poet
100%
soldier
100%
He
98%
lai
98%
lai,
98%
lai...
98%
lei
98%
lei,
98%
sword
98%
There
98%
who
98%
come
96%
his
96%
Lord
96%
mighty
94%
will
94%
word
94%
you
94%
carries
92%
city
92%
down,
92%
with
92%
is
90%
weapon
90%
your
90%
ruler
88%
tongue,
88%
slay
85%
tear
85%
whose
73%
boy,
58%
brow
58%
like
58%
David's
56%
laid
56%
oil
56%
Smeared
54%
thorn
54%
in
52%
No matching quizzes found
Score Distribution
Percent of People with Each Score
Percentile by Number Answered
Your Score History
You have not taken this quiz